000 01188nam a22002537a 4500
005 20181213093510.0
008 130821s2006 xxu gs eng
020 _a1419392808
020 _a9781419392801
040 _aCo-BoUCM
_bspa
_cLuz Cupitra (modificó)
_d[Nuevo]
041 0 0 _aeng
092 _aCD 0233
100 1 _aHarford, Tim
_d1973-
_995023
245 1 4 _aThe undercover economist
_c[CD-ROM]
_cTim Harford ; narrado por : Robert Ian Mackenzie
246 4 _aThe undercover economist exposing why the rich are rich, the poor are poor--and why you can never buy a decent used car!
260 _aPrince Frederick (Maryland, Estados Unidos)
_bRecorded Books
_c2006
300 _a9 CD-ROM
520 _aTim Harford reveals the economics behind everything from supermarkets to insurance companies to airlines in this entertaining and informative book. To protect both our wallets and our bank accounts, we must better understand why companies do what they do.
650 0 4 _aEconomía
_9174
650 0 4 _aGuías de consumidores
_916646
650 0 4 _aHistoria económica
_y1990
_9173
700 1 _aMackenzie, Robert Ian
_995024
942 _cMULTIMEDIA
_2LOCAL
_a7
_e1
_h658.8
_mB196L
999 _c67724
_d67724